000 00513cam a2200145 4500500
005 20251012031722.0
041 _afre
042 _adc
100 1 0 _aFaguer, Nicolas
_eauthor
245 0 0 _aPoésie et prière dans la vie et l’œuvre de Péguy
260 _c2025.
500 _a44
786 0 _nBulletin de l’Amitié Charles Péguy | 183-184 | 3 | 2025-02-21 | p. 247-261 | 0180-8567
856 4 1 _uhttps://shs.cairn.info/bulletin-de-l-amitie-charles-peguy-2024-3-page-247?lang=fr&redirect-ssocas=7080
999 _c1546306
_d1546306